Obecná teorie zaměstnanosti, úroku a peněz

Gespeichert in:
Bibliographische Detailangaben
1. Verfasser: Keynes, John Maynard
Format: Buch
Sprache:Tschechisch
Veröffentlicht: Praha Nakladatelství Československé akademie vied 1963
Schlagworte:
Tags: Tag hinzufügen
Keine Tags, Fügen Sie das erste Tag hinzu!

MARC

LEADER 00000nam a2200000 4500
001 c113911
005 20231103122213.6
041 0 |a cze 
044 |a CZ 
245 1 0 |a Obecná teorie zaměstnanosti, úroku a peněz  |c John Maynard Keynes 
264 1 |a Praha  |b Nakladatelství Československé akademie vied  |c 1963 
300 |a 386 s. 
610 2 0 |a zamestnanosť 
610 2 0 |a úrok 
610 2 0 |a peniaze 
100 1 |a Keynes, John Maynard